Guía de Sevilla
Guardat en:
| Autor principal: | |
|---|---|
| Format: | Llibre |
| Idioma: | espanyol |
| Publicat: |
Madrid, España
Espasa Calpe
1930
|
| Matèries: | |
| Etiquetes: |
Afegir etiqueta
Sense etiquetes, Sigues el primer a etiquetar aquest registre!
|
MARC
| LEADER | 00000nam a2200000 a 4500 | ||
|---|---|---|---|
| 001 | UCI4837 | ||
| 003 | CL-VaPUC | ||
| 005 | 20220309110756.0 | ||
| 008 | 080307e19300000SP |||||||||||||||||spa|d | ||
| 999 | |c 328684 |d 328682 | ||
| 040 | |c Pontificia Universidad Católica de Valparaíso | ||
| 082 | 0 | 4 | |a 946 MON 1930 |2 21 |
| 100 | |a Montoto, Santiago |e autor |9 526887 | ||
| 245 | 1 | 0 | |a Guía de Sevilla |
| 260 | |a Madrid, España |b Espasa Calpe |c 1930 | ||
| 300 | |a 176 páginas | ||
| 500 | |a Donación padres capuchinos | ||
| 583 | |a last modification |c 20080307 00:00:00 |k Rodrigo Vera | ||
| 650 | 0 | |a Historia de España |z SEVILLA |9 315435 | |
| 650 | 0 | |a Turismo |z SEVILLA |z ESPAÑA |9 308920 | |
| 852 | |a BIBCUR | ||
| 942 | |c BK |2 ddc | ||
| 945 | |d 20080307 00:00:00 |a rbrito | ||
| 952 | |0 0 |1 0 |2 ddc |4 0 |6 946_000000000000000_MON_1930 |7 0 |8 X |9 412755 |a FDOBUD |b FDOBUD |d 2019-11-22 |i 4408780 |o 946 MON 1930 |p 4408780 |r 2019-11-22 |t 1 |w 2019-11-22 |y BK_X |k BUD | ||